000 00734nmc a2200253 a 4500
003 AR-BaBNM
005 20251128211603.0
008 154120s2000 ||||||||||||||000 | spa||
020 _a84-493-0922-0
040 _cAR-BaBNM
100 1 _aNatanson, Jan
245 1 0 _aAprender jugando
_buna guía para padres durante los primeros cinco años
260 _aBarcelona
_bPaidós
_c2000
300 _a176 p.
490 0 _aGuías para padres
_vv. 47
504 _aContiene referencias bibliográficas en p. 169-172
650 4 _aEDUCACION DE LOS PADRES
650 4 _aDESARROLLO DEL NINO
650 4 _aPSICOLOGIA EVOLUTIVA
653 _aEDUCACION INICIAL
653 _aEDUCACION PRIMARIA
942 _cBK
998 _cme-solo cat
999 _c20316
_d20316